000 00405 a2200169 4500
001 156793
020 _a9788508001026
040 _cEscola São Tomás de Aquino
100 _aALMEIDA, Lúcia Machado de
240 1 0 _aO caso da borboleta atíria
_lpor
245 1 0 _aO caso da borboleta atíria
300 _a95
362 0 _a1999
440 1 _aÁtica
697 _a*LITERATURA JUVENIL
942 _cBK
999 _c156793
_d156793